|
|
|
|
| LEADER |
02217nam a2200529 i 4500 |
| 001 |
nkc20213368439 |
| 003 |
CZ PrNK |
| 005 |
20220225171725.0 |
| 007 |
ta |
| 008 |
211025s2021 xr a b 000 j cze |
| 015 |
|
|
|a cnb003368439
|
| 020 |
|
|
|a 978-80-271-3157-0
|q (vázáno) :
|c Kč 249,00
|
| 035 |
|
|
|a (OCoLC)1291384429
|
| 040 |
|
|
|a ABG001
|b cze
|e rda
|
| 041 |
1 |
|
|a cze
|h eng
|
| 072 |
|
7 |
|a 821.111-3
|x Anglická próza, anglicky psaná
|2 Konspekt
|9 25
|
| 072 |
|
7 |
|a 821-93
|x Literatura pro děti a mládež (beletrie)
|2 Konspekt
|9 26
|
| 080 |
|
|
|a 821.111-32
|2 MRF
|
| 080 |
|
|
|a 821-93
|2 MRF
|
| 080 |
|
|
|a (0:82-32)
|2 MRF
|
| 100 |
1 |
|
|a Kuenzler, Lou
|7 mzk2013751193
|4 aut
|
| 240 |
1 |
0 |
|a School spells.
|l Česky
|
| 245 |
1 |
0 |
|a Košťátko Bella.
|p Školní kouzla /
|c Lou Kuenzlerová ; ilustrace Kyan Cheng ; překlad Eva Kadlecová
|
| 246 |
3 |
0 |
|a Školní kouzla
|
| 250 |
|
|
|a První vydání
|
| 264 |
|
1 |
|a Praha :
|b Bambook,
|c 2021
|
| 300 |
|
|
|a 218 stran :
|b ilustrace ;
|c 21 cm
|
| 336 |
|
|
|a text
|b txt
|2 rdacontent
|
| 337 |
|
|
|a bez média
|b n
|2 rdamedia
|
| 338 |
|
|
|a svazek
|b nc
|2 rdacarrier
|
| 500 |
|
|
|a Přeloženo z angličtiny
|
| 520 |
2 |
|
|a Další ztřeštěné dobrodružství čarodějky Belly, tentokrát ve škole.
|b Bella jde do školy! Doufá, že zapadne a najde si kamarády. Snad to nebude tak hrozné jako v magickém světě. Jednoduché to ale nebude určitě. Její nová spolužačka se dostane do potíží a čarování by to vyřešilo. Takové úplně maličké kouzlo přece nemůže uškodit. Nebo ano?! Nakladatelská anotace.
|
| 521 |
8 |
|
|a Pro čtenářky od 7 let
|
| 655 |
|
7 |
|a anglické příběhy
|7 fd131813
|2 czenas
|
| 655 |
|
7 |
|a publikace pro děti
|7 fd133156
|2 czenas
|
| 655 |
|
9 |
|a English stories
|2 eczenas
|
| 655 |
|
9 |
|a children's literature
|2 eczenas
|
| 700 |
1 |
|
|a Cheng, Kyan
|7 xx0263986
|4 ill
|
| 700 |
1 |
|
|a Kadlecová, Eva,
|d 1984-
|7 xx0103153
|4 trl
|
| 787 |
0 |
8 |
|i Z cyklu:
|t Košťátko Bella
|g 2
|
| 910 |
2 |
|
|a BOA001
|b 2-1477.187
|
| 920 |
|
|
|a 4618169
|z ABG001
|
| 928 |
9 |
|
|a Grada Publishing - Bambook
|
| 990 |
|
|
|a BK
|
| 995 |
|
|
|a 01
|
| 991 |
|
|
|b 202111
|c NOV
|
| 996 |
6 |
|
|b 2610885152
|c 2-1477.187
|l MZK
|r Sklad / do 1 hodiny
|n 0
|p p.v.
|w 001868209
|u 000010
|a 1
|e BOA001
|j MZK50
|s P
|